The Office (US): Character Match Quiz Stats

 Plays Quiz Updated Oct 24, 2013

Support Sporcle.
Go Orange.
Score 0/30 Timer 03:00
3 Plays Today
% Correct
Schrute
97.7%
Scott
97.5%
Halpert
96.1%
Beesly
94.7%
Bernard
92.8%
Martinez
91.9%
Kapoor
91.3%
Malone
84.8%
Flenderson
83.6%
Howard
80.5%
Levinson
79.8%
Hudson
79%
Bratton
77.8%
Packer
77.6%
Lapin-Vance
77.1%
% Correct
Hasagawa
76.8%
Wallace
75.8%
California
73.7%
Palmer
71.2%
Flax
70.7%
Martin
67.3%
Philbin
63.8%
Bennett
60.1%
Hannon
58.1%
Lewis
57.3%
Anderson
55.8%
Vickers
55.4%
Bertram
52.3%
Miller
42.4%
Green
30.4%

From the Vault

Have Another (Rubber) Ducky Halloween!

by timmylemoine1

Holiday 4m
Prepare for an army of quack-or-treaters...
Remove Ads.
Support Sporcle.
Get the best of Sporcle when you Go Orange. This ad-free experience offers more features, more stats, and more fun while also helping to support Sporcle. Thank you for becoming a member.

Show Comments

Extras

Top Quizzes Today


Score Distribution

Your Account Isn't Verified!

In order to create a playlist on Sporcle, you need to verify the email address you used during registration. Go to your Sporcle Settings to finish the process.

Report this User

Report this user for behavior that violates our Community Guidelines.

Details: